000 00800nam a2200241Ia 4500
003 OSt
005 20220923211229.0
006 a|||||r|||| 00| 0
007 ta
008 Pun
020 _a9788171165155 (hbk)
_c200
024 _a246,862
037 _b7830/X, 31/01/2011, Arsee Publishers
_cTextual
040 _aARTS
_cARTS
_bPun
041 _2Pun
_aPun
082 _aO168,8N10x, 153P9
100 _aਗਰਗ, ਕੇ. ਐਲ.
245 0 _aਕਨਸ਼ਈਆ ਲਾਲ ਕਪੂਰ ਦਾ ਚੋਣਵਾਂ ਹਾਸ-ਵਿਅੰਗ
260 _aਦਿੱਲੀ
_b ਨੈFਨਲ ਬੁਕ Fਾਪ
_c2009
300 _a160ਪੰ
_ccm.
942 _hO168,8N10x, 153P9
_cTEXL
_2CC
999 _c297324
_d297324